000 00604nam a2200169 a 4500
001 000022647
005 20200930021721.0
008 101014s2004 cu ac 000 0 spa d
020 _a9597030013
040 _aDO-SdBNP
_bspa
_cBNPHU
082 _axxx
_bC569i
245 0 0 _aCien imágenes de la revolución cubana 1953-1996 /
_cSelección fotográfica y textos de Pedro Álvarez Tabío.
260 _aLa Habana :
_bArte y Literatura ;
_bOficina de Publicaciones del Consejo de Estado,
_c2004.
300 _a135 p. :
_bil., retr. ;
_c29 cm.
500 _aIncluye notas al pie de las páginas
049 _aBNPD
999 _c22144
_d22144